[Event "III "Open" UFRJ "]
[Site "http://www.queenalice.com/game.php?id=985546"]
[Date "2011.9.15"]
[Round "3"]
[White "danielfabio"]
[Black "vigusmao"]
[Result "1-0"]
[WhiteElo "1768"]
[BlackElo "2130"]

1. d4 Nf6 2. c4 e6 3. Nf3 b6 4. e3 Bb7 5. Bd3 d5 6. cxd5 exd5 7. O-O Bd6 8. Nc3
O-O 9. Nb5 Be7 10. Ne5 c5 11. Qf3 Ne4 12. dxc5 bxc5 13. Qe2 f5 14. f3 Nd6 15.
Nxd6 Bxd6 16. f4 Qf6 17. b3 Nc6 18. Bb2 Nxe5 19. fxe5 Bxe5 20. Rxf5 Bxh2+ 21.
Kxh2 Qh4+ 22. Kg1 Rxf5 23. Bxf5 Qg5 24. Be6+ Kh8 25. Rf1 Ba6 26. Qxa6 Qxe3+ 27.
Rf2 Qe1+ 28. Qf1 Qxe6 29. Rf8+ Rxf8 30. Qxf8+ Qg8 31. Bxg7# 1-0

[Event "AUTO-ADV-2290"]
[Site "http://www.queenalice.com/game.php?id=989680"]
[Date "2011.9.25"]
[Round "1"]
[White "danielfabio"]
[Black "VFA"]
[Result "1-0"]
[WhiteElo "1906"]
[BlackElo "1838"]

1. e4 e5 2. Nf3 Nc6 3. Bb5 a6 4. Ba4 b5 5. Bb3 Nf6 6. Ng5 d5 7. exd5 Na5 8. Qe2
Bd6 9. d4 Nxb3 10. axb3 Nxd5 11. dxe5 O-O 12. Qd3 g6 13. exd6 Qxd6 14. O-O Bb7
15. Qf3 f6 16. Ne4 Qe6 17. Nc5 Qc6 18. Nxb7 Qxb7 19. c4 bxc4 20. bxc4 Qb6 21.
Qxd5+ Kg7 22. c5 Qb5 23. Nc3 Qe8 24. Bf4 c6 25. Qf3 g5 26. Bd6 Rf7 27. Na4 Rd8
28. Nb6 Rb7 29. Rfe1 Qf7 30. Qxc6 Ra7 31. Nc8 Rxd6 32. cxd6 Kg6 33. Nxa7 Qxa7
34. d7 Qd4 35. Qc7 a5 36. d8=Q Qxd8 37. Qxd8 1-0

[Event "AUTO-ADV-2290"]
[Site "http://www.queenalice.com/game.php?id=989681"]
[Date "2011.9.25"]
[Round "1"]
[White "VFA"]
[Black "danielfabio"]
[Result "0-1"]
[WhiteElo "1848"]
[BlackElo "1854"]

1. d4 Nf6 2. c4 e6 3. Nf3 b6 4. Nc3 Bb7 5. e3 Bb4 6. a3 Bxc3+ 7. bxc3 O-O 8. Be2
c5 9. O-O d6 10. Qc2 a6 11. Nd2 Qc7 12. e4 b5 13. cxb5 cxd4 14. bxa6 Nxa6 15.
Bb2 dxc3 16. Bxc3 Nxe4 17. Nxe4 Bxe4 18. Qxe4 Qxc3 19. Bd3 g6 20. Rfc1 Qf6 21.
Qc6 Nc5 22. Bc4 Rfc8 23. Qf3 Qxf3 24. gxf3 d5 25. Be2 Nb3 26. Rxc8+ Rxc8 27. Rb1
Nd4 28. Bd1 Rc3 29. Kg2 Rxa3 30. h4 Nf5 31. Rb8+ Kg7 32. Kh3 Ra2 0-1

[Event "AUTO-ADV-2290"]
[Site "http://www.queenalice.com/game.php?id=989682"]
[Date "2011.9.25"]
[Round "1"]
[White "danielfabio"]
[Black "acm_chessmaster"]
[Result "1-0"]
[WhiteElo "1842"]
[BlackElo "1742"]

1. e4 e5 2. Nf3 Nc6 3. Bb5 Nge7 4. O-O a6 5. Ba4 d6 6. c4 b5 7. cxb5 axb5 8.
Bxb5 Bd7 9. d3 Nb4 10. Bc4 c5 11. Qb3 Be6 12. Bxe6 fxe6 13. Ng5 d5 14. Nxe6 Qd6
15. Nxf8 Rxf8 16. Na3 c4 17. dxc4 dxc4 18. Nxc4 Qc5 19. Be3 Qc6 20. Qxb4 Rf6 21.
Bg5 Re6 22. Rfd1 Rd8 23. Rxd8+ Kxd8 24. Qb8+ Qc8 25. Bxe7+ Rxe7 26. Rd1+ Rd7 27.
Rxd7+ Kxd7 28. Nb6+ Kc6 29. Nxc8 g5 30. Ne7+ Kc5 31. Qb7 g4 32. Qc6+ Kd4 33.
Qd5# 1-0

[Event "AUTO-ADV-2290"]
[Site "http://www.queenalice.com/game.php?id=989683"]
[Date "2011.9.25"]
[Round "1"]
[White "acm_chessmaster"]
[Black "danielfabio"]
[Result "0-1"]
[WhiteElo "1718"]
[BlackElo "1870"]

1. e4 c5 2. Nf3 Nc6 3. d4 cxd4 4. Nxd4 Nf6 5. Nxc6 bxc6 6. Nc3 e5 7. Be2 Bb4 8.
Bd2 Bxc3 9. Bxc3 Nxe4 10. Bxe5 Qa5+ 11. Bc3 Nxc3 12. Qd2 Ba6 13. Qxc3 Qxc3+ 14.
bxc3 Bxe2 15. Kxe2 O-O-O 16. Rab1 Rhe8+ 17. Kd3 Re6 18. Rhe1 Rf6 19. Re2 Rh6 20.
h3 Rd6+ 21. Kc4 Re6 22. Rd2 Rde8 23. Kb3 Kc7 24. Ka4 d5 25. Ka5 Rd8 26. Ka6 c5+
27. Kxa7 Ra8+ 28. Kxa8 Ra6# 0-1

[Event "AUTO-ADV-2290"]
[Site "http://www.queenalice.com/game.php?id=989684"]
[Date "2011.9.25"]
[Round "1"]
[White "danielfabio"]
[Black "REUSKING"]
[Result "1-0"]
[WhiteElo "1798"]
[BlackElo "1965"]

1. e4 e5 2. Nf3 Nf6 3. Nxe5 d6 4. Nf3 Nxe4 5. d4 d5 6. Bd3 Bd6 7. O-O O-O 8. c4
c6 9. cxd5 cxd5 10. Nc3 Nxc3 11. bxc3 Bg4 12. h3 Bh5 13. Qb3 b6 14. g4 Bg6 15.
Bxg6 hxg6 16. Kg2 Bc7 17. Ba3 Re8 18. Rfe1 Nd7 19. Rxe8+ Qxe8 20. Re1 Qb8 21.
Re7 Nf6 22. Ng5 Bd6 23. Rxf7 Bxa3 24. Qxa3 Qf4 25. Rxg7+ Kh8 26. Rxa7 1-0

[Event "AUTO-ADV-2290"]
[Site "http://www.queenalice.com/game.php?id=989685"]
[Date "2011.9.25"]
[Round "1"]
[White "REUSKING"]
[Black "danielfabio"]
[Result "0-1"]
[WhiteElo "1938"]
[BlackElo "1821"]

1. e4 c5 2. Nf3 d6 3. d4 cxd4 4. Nxd4 Nf6 5. Nc3 e5 6. Nb3 Nc6 7. Be2 Be7 8. O-O
O-O 9. Be3 Be6 10. f4 exf4 11. Bxf4 d5 12. exd5 Nxd5 13. Nxd5 Bxd5 14. Bf3 Qb6+
15. Kh1 Bc4 16. Re1 Rad8 17. Qc1 Bd5 18. Bxd5 Rxd5 19. Qe3 Qxe3 20. Rxe3 a5 21.
a4 Bf6 22. c3 g5 23. Bg3 Rfd8 24. Rae1 Rd1 25. h3 Kg7 26. Bc7 R8d5 27. Bg3 Rxe1+
28. Rxe1 b5 29. axb5 Rxb5 30. Nd4 Nxd4 31. cxd4 Bxd4 32. Rb1 Rxb2 33. Rd1 Bf6
34. Rd5 a4 0-1

[Event "Vinicius 3 x Daniel 2"]
[Site "http://www.queenalice.com/game.php?id=995209"]
[Date "2011.10.9"]
[Round "-"]
[White "vigusmao"]
[Black "danielfabio"]
[Result "0-1"]
[WhiteElo "2124"]
[BlackElo "1880"]

1. e4 e5 2. Nf3 Nf6 3. Nc3 Nc6 4. d4 exd4 5. Nxd4 Bb4 6. Nxc6 Bxc3+ 7. bxc3 bxc6
8. Bd3 d5 9. Ba3 dxe4 10. Qe2 Qd5 11. O-O Be6 12. Ba6 Rb8 13. Rfd1 Qa5 14. Bb4
Qg5 15. f3 c5 16. Bb5+ Kf8 17. h4 Qh5 18. g4 Nxg4 19. Bd7 Bxd7 20. Rxd7 Nf6 21.
Qh2 Nxd7 22. Qxc7 exf3 23. Qd6+ Kg8 24. Qxd7 Qxh4 0-1

[Event "Vinicius 3 x Daniel 3 (desempate"]
[Site "http://www.queenalice.com/game.php?id=995948"]
[Date "2011.10.11"]
[Round "-"]
[White "danielfabio"]
[Black "vigusmao"]
[Result "1-0"]
[WhiteElo "1919"]
[BlackElo "2105"]

1. d4 d5 2. Nc3 Nf6 3. Bg5 Nbd7 4. e3 e6 5. a3 c5 6. Nf3 Be7 7. Bb5 O-O 8. O-O
Qb6 9. Bxd7 Bxd7 10. Ne5 Bc6 11. Qd2 c4 12. e4 Qa5 13. Nxc6 bxc6 14. Nxd5 Bd8
15. Qxa5 Bxa5 16. Nxf6+ gxf6 17. Bxf6 h6 18. b3 cxb3 19. cxb3 Rac8 20. b4 Bc7
21. g4 Kh7 22. h3 Kg6 23. e5 Bb6 24. Rad1 Rc7 25. f4 Rd7 26. f5+ Kh7 27. Rf4 Ra8
28. g5 exf5 29. Rh4 1-0

[Event "Daniel 4 x 3 Vinícius"]
[Site "http://www.queenalice.com/game.php?id=996558"]
[Date "2011.10.12"]
[Round "-"]
[White "vigusmao"]
[Black "danielfabio"]
[Result "1-0"]
[WhiteElo "2086"]
[BlackElo "1942"]

1. e4 e5 2. Nf3 Nf6 3. Nc3 Nc6 4. d4 d6 5. Bb5 exd4 6. Qxd4 Bd7 7. Bxc6 Bxc6 8.
Bg5 Be7 9. O-O-O O-O 10. h4 h6 11. Nd5 hxg5 12. Nxe7+ Qxe7 13. hxg5 Nxe4 14. Rh5
Qe8 15. Rdh1 f6 16. gxf6 gxf6 17. Ng5 d5 18. Rh8+ Kg7 19. Rxf8 Qxf8 20. Ne6+ Kf7
21. Nxf8 Rxf8 22. Qxa7 Rg8 23. f3 Nd6 24. Qf2 Rg7 25. c3 Ne8 26. Qc2 Nd6 27. Rh7
Kf8 28. Rh8+ Kf7 29. Qf2 b6 30. Qh4 Ne8 31. c4 Rxg2 32. cxd5 Rg1+ 33. Kc2 Rg2+
34. Kc3 Bd7 35. Qb4 Nd6 36. Qh4 Ne8 37. Rh7+ Ng7 38. Qf4 Kg8 39. Rh2 Rxh2 40.
Qxh2 Ne8 41. Qh6 Bf5 42. a4 Bd7 43. Kb4 Kf7 44. Qh7+ Ng7 45. Ka3 Bf5 46. Qh2 Ne8
47. Qe2 Nd6 48. b4 Bc8 49. Qc2 Ne8 50. Qc6 Bf5 51. d6 cxd6 52. Qxb6 d5 53. a5
Be4 54. fxe4 dxe4 55. Qb7+ Nc7 56. Qxc7+ Kg6 57. Qf4 f5 58. a6 e3 59. Qxe3 Kf6
60. a7 f4 61. Qxf4+ Kg6 62. a8=Q Kg7 63. Qg2+ Kh7 64. b5 Kh8 65. Ka2 Kh7 66. b6
Kh8 67. b7 Kh7 68. Ka1 Kh8 69. b8=Q+ Kh7 70. Qff3 Kh6 71. Qff1 Kh7 72. Kb1 Kh6
73. Qbb7 Kh5 74. Qbc6 Kh4 75. Kc1 Kh5 76. Kd1 Kh4 77. Ke1 Kh5 78. Kf2 Kh4 79.
Qgh1+ Kg4 80. Kg2 Kg5 81. Kg1 Kg4 82. Qcd5 Kg3 83. Qdg2# 1-0

[Event "Daniel 4 x 4 Vinícius"]
[Site "http://www.queenalice.com/game.php?id=999234"]
[Date "2011.10.19"]
[Round "-"]
[White "danielfabio"]
[Black "vigusmao"]
[Result "1/2-1/2"]
[WhiteElo "1932"]
[BlackElo "2096"]

1. e4 e5 2. Nf3 Nc6 3. Bb5 a6 4. Ba4 Nf6 5. O-O Be7 6. Bxc6 dxc6 7. d3 Bd6 8. d4
Qe7 9. dxe5 Bxe5 10. Nxe5 Qxe5 11. Nc3 Be6 12. Qf3 O-O-O 13. Bf4 Qc5 14. a3 Ng4
15. b4 Qe7 16. h3 Nf6 17. e5 Nd5 18. Nxd5 cxd5 19. Rad1 g5 20. Be3 h5 21. Bc5
Qd7 22. Qf6 Qa4 23. Qxg5 Qxa3 24. Rd3 Qa4 25. Qc1 Rdg8 26. f4 Bf5 27. Rxd5 Bxh3
28. Rd2 Bf5 29. Qb2 h4 30. Kh2 h3 31. g3 Rd8 32. Rfd1 Rxd2+ 33. Rxd2 Rd8 34.
Rxd8+ Kxd8 35. e6 fxe6 36. Qf6+ 1/2-1/2

[Event "Daniel 4,5 x 4,5 Vinícius"]
[Site "http://www.queenalice.com/game.php?id=1002329"]
[Date "2011.10.28"]
[Round "-"]
[White "vigusmao"]
[Black "danielfabio"]
[Result "0-1"]
[WhiteElo "2089"]
[BlackElo "1939"]

1. e4 e5 2. Nf3 Nf6 3. Nc3 Nc6 4. d4 exd4 5. Nxd4 Nxd4 6. Qxd4 c5 7. Qd1 d6 8.
Bg5 Be7 9. Be2 O-O 10. O-O h6 11. Bh4 Nxe4 12. Nxe4 Bxh4 13. Qxd6 b6 14. Rad1
Bb7 15. Qf4 Qe7 16. Bf3 Bxe4 17. Bxe4 Rad8 18. c4 Bg5 19. Qf5 g6 20. Qf3 Rxd1
21. Rxd1 Qe5 22. Qe2 Re8 23. f3 Kh8 24. Re1 f5 25. Qc2 fxe4 26. Rxe4 Qb8 27. h4
Bf6 28. Rg4 Qd6 29. Rxg6 Qd4+ 30. Kf1 Qxh4 0-1

[Event "Daniel 8,5 x 7,5 Vinicius"]
[Site "http://www.queenalice.com/game.php?id=1031399"]
[Date "2012.2.20"]
[Round "-"]
[White "danielfabio"]
[Black "vigusmao"]
[Result "1/2-1/2"]
[WhiteElo "1961"]
[BlackElo "2105"]

1. e4 e5 2. Nf3 Nc6 3. Nc3 Nf6 4. a3 d6 5. Bb5 Be7 6. d4 exd4 7. Nxd4 Bd7 8.
Bxc6 bxc6 9. O-O O-O 10. Nf3 Bg4 11. h3 Bh5 12. Bf4 Re8 13. g4 Bg6 14. Re1 Rb8
15. b4 Nd7 16. e5 dxe5 17. Nxe5 Nxe5 18. Rxe5 Bf6 19. Rc5 Be4 20. Qxd8 Rbxd8 21.
Bxc7 Rd7 22. Re1 Bxc3 23. Rxc3 Re6 24. Bf4 h6 25. Rce3 Rde7 26. c4 Bd3 27. Rxe6
Rxe6 28. Rxe6 fxe6 29. c5 Kf7 30. Bb8 a6 31. Kg2 g6 32. h4 h5 33. g5 Ke8 34. f4
Bc4 35. Kf3 Bb3 36. Ke4 Bc2+ 37. Kd4 Kd7 38. Bd6 Ke8 39. Kc3 1/2-1/2

[Event "Daniel 9 x 8 Vinicius"]
[Site "http://www.queenalice.com/game.php?id=1035126"]
[Date "2012.3.2"]
[Round "-"]
[White "vigusmao"]
[Black "danielfabio"]
[Result "0-1"]
[WhiteElo "2101"]
[BlackElo "1967"]

1. e4 e5 2. Nf3 Nf6 3. Nc3 Nc6 4. d4 exd4 5. Nxd4 Bb4 6. Nxc6 Bxc3+ 7. bxc3 bxc6
8. Ba3 d6 9. Bd3 Qe7 10. O-O O-O 11. Re1 Qe5 12. Qd2 Ng4 13. f4 Qa5 14. Bb4 Qb6+
0-1

[Event "Daniel 10 x 8 Vinicius"]
[Site "http://www.queenalice.com/game.php?id=1035668"]
[Date "2012.3.4"]
[Round "-"]
[White "danielfabio"]
[Black "vigusmao"]
[Result "1/2-1/2"]
[WhiteElo "1990"]
[BlackElo "2082"]

1. Nf3 d5 2. b3 c5 3. d4 cxd4 4. Qxd4 Nc6 5. Qa4 Bd7 6. Qb5 e6 7. Qd3 Rc8 8. a3
Nf6 9. Bb2 Bd6 10. c4 Qc7 11. Bxf6 gxf6 12. Nbd2 Ne5 13. Nxe5 Bxe5 14. Rd1 Qa5
15. b4 Qa6 16. e4 Bb2 17. cxd5 Qxa3 18. dxe6 fxe6 19. Qxd7+ Kxd7 20. Nc4+ Ke7
21. Nxa3 Bxa3 22. b5 Bb4+ 23. Ke2 Rc2+ 24. Kf3 Bc5 25. Be2 a5 26. bxa6 bxa6 27.
Rc1 Rxc1 28. Rxc1 Kd6 29. Bxa6 Ra8 30. Bc4 Bd4 31. Rd1 e5 32. g4 Ra1 33. Rxa1
Bxa1 34. h4 h6 35. h5 Kc5 36. Bf7 Bb2 37. Kg3 Bc1 38. f3 Kd4 39. Kf2 Kd3 40. Bd5
Bg5 41. Bf7 1/2-1/2

[Event "IV Open UFRJ"]
[Site "http://www.queenalice.com/game.php?id=1036527"]
[Date "2012.3.6"]
[Round "1"]
[White "igorframos"]
[Black "danielfabio"]
[Result "0-1"]
[WhiteElo "1395"]
[BlackElo "1988"]

1. e4 e5 2. Nf3 Nc6 3. d4 exd4 4. Nxd4 Bc5 5. Nxc6 Qf6 6. Be3 Bxe3 7. fxe3 Qxb2
8. Na3 Qxa3 9. Nd4 Qxe3+ 10. Be2 Qxe4 11. Nf3 Nf6 12. O-O Qe3+ 13. Kh1 O-O 14.
Bc4 Qc5 15. Qd3 Ng4 16. Rae1 Nf2+ 17. Rxf2 Qxf2 18. Bxf7+ Kh8 19. Re8 Rxe8 20.
Bxe8 d6 21. h3 Bxh3 22. gxh3 Rxe8 23. Qd1 Re2 0-1

[Event "Daniel 10,5 x 8,5 Vinicius"]
[Site "http://www.queenalice.com/game.php?id=1042172"]
[Date "2012.3.24"]
[Round "-"]
[White "vigusmao"]
[Black "danielfabio"]
[Result "1/2-1/2"]
[WhiteElo "2055"]
[BlackElo "1994"]

1. e4 e5 2. Nf3 Nc6 3. Nc3 Bc5 4. Nxe5 Bxf2+ 5. Kxf2 Nxe5 6. d4 Ng6 7. Bc4 d6 8.
Rf1 N8e7 9. Kg1 O-O 10. Qh5 Be6 11. Bxe6 fxe6 12. Bg5 Qd7 13. Qg4 d5 14. Ne2
dxe4 15. Qxe4 Qc6 16. Qxc6 Nxc6 17. c3 e5 18. d5 Nce7 19. c4 Nf5 20. Rad1 h6 21.
Bc1 Rae8 22. Nc3 e4 23. Rfe1 e3 24. g4 Nd6 25. b3 Rf4 26. Rxe3 Rxg4+ 27. Rg3
Rxg3+ 28. hxg3 h5 29. c5 Nf5 30. d6 cxd6 31. cxd6 Nxd6 32. Rxd6 Re1+ 33. Kf2
Rxc1 34. Ne2 Rc6 35. Rxc6 bxc6 36. Ke3 Ne7 37. Kd4 g5 38. Ke5 Kf7 39. Nd4 c5 40.
Ne6 Kg6 41. Nxc5 h4 42. gxh4 gxh4 43. Kf4 Kh5 44. Nd3 Ng6+ 45. Kf3 Kg5 46. b4
Ne7 47. Nf4 Nc6 48. Nd3 Nd4+ 49. Kg2 Kg4 50. Nf2+ Kf4 51. a4 Ke3 52. Ng4+ Kf4
53. Nf2 Ke3 1/2-1/2

[Event "Daniel 11 x 9 Vinicius"]
[Site "http://www.queenalice.com/game.php?id=1048935"]
[Date "2012.4.14"]
[Round "-"]
[White "danielfabio"]
[Black "vigusmao"]
[Result "1-0"]
[WhiteElo "1996"]
[BlackElo "2051"]

1. e4 e5 2. Nf3 Nc6 3. Nc3 Nf6 4. Bb5 Nd4 5. Nxd4 exd4 6. Nd5 Nxd5 7. exd5 Bc5
8. Qe2+ Qe7 9. Qxe7+ Bxe7 10. O-O O-O 11. Re1 Bf6 12. d3 c6 13. Bc4 b5 14. Bb3
a5 15. a4 Bb7 16. dxc6 dxc6 17. Bf4 Rfe8 18. Rxe8+ Rxe8 19. Bc7 Bd8 20. Bxd8
Rxd8 21. axb5 cxb5 22. Rxa5 Ra8 23. Rxa8+ Bxa8 24. c3 dxc3 25. bxc3 Kf8 26. d4
Ke7 27. f4 f6 28. g4 Bf3 29. g5 fxg5 30. fxg5 h6 31. gxh6 gxh6 32. Kf2 Bb7 33.
Kg3 Kf6 34. Kf4 Bc8 35. d5 Ke7 36. Ke5 Bd7 37. d6+ Kd8 38. h4 Be8 39. Bd5 Kd7
40. Bf3 Bg6 41. Be2 1-0

[Event "Daniel 12 x 9 Vinícius"]
[Site "http://www.queenalice.com/game.php?id=1054682"]
[Date "2012.5.1"]
[Round "-"]
[White "vigusmao"]
[Black "danielfabio"]
[Result "1-0"]
[WhiteElo "2048"]
[BlackElo "2014"]

1. e4 e5 2. Nf3 Nc6 3. Nc3 Bc5 4. Nxe5 Qf6 5. Nf3 Nge7 6. d3 Bb4 7. d4 d5 8. e5
Qg6 9. Bd3 Qxg2 10. Rg1 Qh3 11. Bf4 Bxc3+ 12. bxc3 Ng6 13. Rg3 Qe6 14. Qd2 O-O
15. Be3 Nce7 16. Rb1 b6 17. Qe2 Nf5 18. Rg5 Nge7 19. Rh5 g6 20. Ng5 Qc6 21. Nxh7
gxh5 22. Nf6+ Kg7 23. Nxh5+ Kh8 24. Nf6 Ng7 25. f4 Nef5 26. Qg4 Qxf6 27. exf6
Re8 28. Bxf5 Rxe3+ 29. Kd2 Ne8 30. Rg1 Bxf5 31. Qg8# 1-0

[Event "Daniel 12 x 10 Vinícius"]
[Site "http://www.queenalice.com/game.php?id=1063703"]
[Date "2012.5.25"]
[Round "-"]
[White "danielfabio"]
[Black "vigusmao"]
[Result "0-1"]
[WhiteElo "1999"]
[BlackElo "2014"]

1. e4 e5 2. Nc3 Nf6 3. Bc4 Bb4 4. Nd5 Nxd5 5. exd5 O-O 6. c3 Be7 7. Nf3 d6 8. d3
Nd7 9. h4 f5 10. h5 Bf6 11. h6 g5 12. Rh5 f4 13. Nxg5 Nb6 14. Ne4 Bh4 15. Bb3
Bf5 16. g3 fxg3 17. Nxg3 Bg6 18. Qg4 Qf6 19. Rf5 Qe7 20. Rxf8+ Rxf8 21. Be3 Kh8
22. O-O-O Rg8 23. Nf5 Bxf5 24. Qxf5 Bg5 25. Re1 Bxe3+ 26. Rxe3 Qh4 27. Rh3 Qg5+
28. Qxg5 Rxg5 29. Rg3 Rxg3 30. fxg3 Kg8 31. d4 exd4 32. cxd4 Kf7 33. a4 Kg6 34.
a5 Nd7 35. Kd2 Kg5 36. Ke3 Kg4 37. Bc2 Nf6 38. Kf2 Kh5 39. Bf5 Kxh6 40. Bc8 b6
0-1